Chemical engineering kinetics (Record no. 6589)

000 -LEADER
fixed length control field 00510nam a2200193 4500
001 - CONTROL NUMBER
control field 6589
003 - CONTROL NUMBER IDENTIFIER
control field BD-DhUET
008 - FIXED-LENGTH DATA ELEMENTS--GENERAL INFORMATION
fixed length control field 700825s1970 nyua b 001 0 eng
040 ## - CATALOGING SOURCE
Transcribing agency 0
Modifying agency BD-DhUET
Original cataloging agency DLC
082 00 - DEWEY DECIMAL CLASSIFICATION NUMBER
Classification number 541.39
Item number SMI/1970
100 ## - MAIN ENTRY--PERSONAL NAME
Personal name Smith, J. M.
245 10 - TITLE STATEMENT
Title Chemical engineering kinetics
250 ## - EDITION STATEMENT
Edition statement 2nd ed.
260 ## - PUBLICATION, DISTRIBUTION, ETC. (IMPRINT)
Place of publication, distribution, etc. New York
Name of publisher, distributor, etc. McGraw-Hill
Date of publication, distribution, etc. 1970
300 ## - PHYSICAL DESCRIPTION
Extent xviii, 612p.
Other physical details ill.
490 0# - SERIES STATEMENT
Series statement McGraw-Hill chemical engineering series
650 #0 - SUBJECT ADDED ENTRY--TOPICAL TERM
Topical term or geographic name as entry element Kinetics : Physical chemistry
942 ## - ADDED ENTRY ELEMENTS (KOHA)
Koha item type General Book
Holdings
Koha normalized classification for sorting Koha full call number Koha date last seen Copy number Lost status Date acquired Not for loan Shelving location Piece designation (barcode) Sublocation or collection (holding branch) Source of classification or shelving scheme Damaged status Location (home branch) Withdrawn status Price effective from Koha item type
541_390000000000000_SMI_1970541.39/SMI/19702014-12-041 2014-12-04 Circulation section84576Central Library, BUET  Central Library, BUET 2014-12-04General Book
541_390000000000000_SMI_1970541.39/SMI/19702014-12-122 2014-12-12 Circulation section29865Central Library, BUET  Central Library, BUET 2014-12-12General Book
541_390000000000000_SMI_1970541.39/SMI/19702014-12-123 2014-12-12 Circulation section29867Central Library, BUET  Central Library, BUET 2014-12-12General Book
541_390000000000000_SMI_1970541.39/SMI/19702014-12-124 2014-12-12 Circulation section29863Central Library, BUET  Central Library, BUET 2014-12-12General Book
541_390000000000000_SMI_1970541.39/SMI/19702015-03-115 2015-03-11 Circulation section29871Central Library, BUET  Central Library, BUET 2015-03-11General Book
541_390000000000000_SMI_1970541.39/SMI/19702015-03-146 2015-03-14 Circulation section29868Central Library, BUET  Central Library, BUET 2015-03-14General Book
541_390000000000000_SMI_1970541.39/SMI/19702015-03-147 2015-03-14 Circulation section37045Central Library, BUET  Central Library, BUET 2015-03-14General Book
541_390000000000000_SMI_1970541.39/SMI/19702015-04-238 2015-04-23 Circulation section29869Central Library, BUET  Central Library, BUET 2015-04-23General Book
541_390000000000000_SMI_1970541.39/SMI/19702015-04-239 2015-04-23 Circulation section29859Central Library, BUET  Central Library, BUET 2015-04-23General Book
541_390000000000000_SMI_1970541.39/SMI/19702015-04-2610 2015-04-26 Circulation section29870Central Library, BUET  Central Library, BUET 2015-04-26General Book
541_390000000000000_SMI_1970541.39/SMI/19702015-04-2611 2015-04-26 Circulation section29861Central Library, BUET  Central Library, BUET 2015-04-26General Book
541_390000000000000_SMI_1970541.39/SMI/19702015-04-2712 2015-04-27 Circulation section25967Central Library, BUET  Central Library, BUET 2015-04-27General Book
541_390000000000000_SMI_1970541.39/SMI/19702015-04-2713 2015-04-27 Circulation section29860Central Library, BUET  Central Library, BUET 2015-04-27General Book
541_390000000000000_SMI_1970541.39/SMI/19702015-06-0814 2015-06-08 Reading section29862Central Library, BUET  Central Library, BUET 2015-06-08Reading Item
541_390000000000000_SMI_1970541.39/SMI/19702015-06-0815 2015-06-08 Reading section29866Central Library, BUET  Central Library, BUET 2015-06-08Reading Item
541_390000000000000_SMI_1970541.39/SMI/19702015-06-0816 2015-06-08 Reading section29872Central Library, BUET  Central Library, BUET 2015-06-08Reading Item
541_390000000000000_SMI_1970541.39/SMI/19702015-06-0817 2015-06-08 Reading section29864Central Library, BUET  Central Library, BUET 2015-06-08Reading Item